Feminist post-development thought : rethinking modernity, post-colonialism & representation
Αποθηκεύτηκε σε:
| Άλλοι συγγραφείς: | |
|---|---|
| Μορφή: | Βιβλίο |
| Γλώσσα: | English |
| Δημοσίευση: |
London :
Zed,
2002
|
| Σειρά: | Zed books on women and development
|
| Θέματα: | |
| Ετικέτες: |
Προσθήκη ετικέτας
Δεν υπάρχουν, Καταχωρήστε ετικέτα πρώτοι!
|
MARC
| LEADER | 00000nam a2200000 i 4500 | ||
|---|---|---|---|
| 001 | 1/88476 | ||
| 008 | 080611s2002 eng d | ||
| 020 | |a 978-1-85649-947-7 | ||
| 035 | |l 10098124 | ||
| 040 | |a GR-MY-UA |b gre |e aacr | ||
| 041 | 0 | |a eng | |
| 082 | 0 | |a 338.90082 |2 (22) | |
| 245 | 1 | 0 | |a Feminist post-development thought : |b rethinking modernity, post-colonialism & representation / |c edited Kriemild Saunders |
| 260 | |a London : |b Zed, |c 2002 | ||
| 300 | |a xv, 368 σ.; |c 2002 | ||
| 490 | 1 | |a Zed books on women and development | |
| 504 | |a Βιβλιογραφία: σ. 331-356 | ||
| 504 | |a Ευρετήριο: σ. 357-368 | ||
| 650 | 0 | 0 | |a Women |z Developing countries |x Economic conditions. |
| 650 | 0 | 0 | |a Feminist economics. |
| 650 | 0 | 0 | |a Economic development. |
| 700 | 1 | |a Saunders, Kriemild. |4 edt | |
| 830 | 0 | |a Zed books on women and development | |
| 852 | |a INST |b LESVOS |e 20080611 |h 338.90082 FEM |p 005100042623 |q 005100042623 |t BK |y 0 | ||
| 901 | |a BIBL1-2008-2 | ||
| 909 | |a Λ |b 151570 | ||
| 922 | |a 1ΕΛΗ |b 200803 |c ΕΠΕΑΕΚ2/ΤΚΑ |d ΕΛΕΥΘΕΡΟΥΔΑΚΗΣ | ||
| 970 | |a ΧΑΤΖΗΜΙΧΑΗΛ |b ΜΑΡΙΑ |z 2008/06/11 | ||